<?xml version="1.0" encoding="UTF-8"?>
<record
    xmlns:xsi="http://www.w3.org/2001/XMLSchema-instance"
    xsi:schemaLocation="http://www.loc.gov/MARC21/slim http://www.loc.gov/standards/marcxml/schema/MARC21slim.xsd"
    xmlns="http://www.loc.gov/MARC21/slim">

  <leader>00415nam a2200181Ia 4500</leader>
  <controlfield tag="008">230512s9999    xx            000 0 und d</controlfield>
  <datafield tag="041" ind1=" " ind2=" ">
    <subfield code="a">eng</subfield>
  </datafield>
  <datafield tag="082" ind1=" " ind2=" ">
    <subfield code="a">658.83</subfield>
  </datafield>
  <datafield tag="100" ind1=" " ind2=" ">
    <subfield code="a">LUCK D/ RUBIN R</subfield>
  </datafield>
  <datafield tag="245" ind1=" " ind2=" ">
    <subfield code="a">MARKETING RESEARCH ( LUCK )</subfield>
  </datafield>
  <datafield tag="250" ind1=" " ind2=" ">
    <subfield code="a">7</subfield>
  </datafield>
  <datafield tag="260" ind1=" " ind2=" ">
    <subfield code="b">P H I  PVT. LTD. NEW DELHI 110001</subfield>
  </datafield>
  <datafield tag="300" ind1=" " ind2=" ">
    <subfield code="a">682</subfield>
  </datafield>
  <datafield tag="365" ind1=" " ind2=" ">
    <subfield code="b">298</subfield>
  </datafield>
  <datafield tag="500" ind1=" " ind2=" ">
    <subfield code="a">Paper Back</subfield>
  </datafield>
  <datafield tag="520" ind1=" " ind2=" ">
    <subfield code="a">General</subfield>
  </datafield>
  <datafield tag="650" ind1=" " ind2=" ">
    <subfield code="a">Management</subfield>
  </datafield>
  <datafield tag="999" ind1=" " ind2=" ">
    <subfield code="c">408270</subfield>
    <subfield code="d">408270</subfield>
  </datafield>
  <datafield tag="952" ind1=" " ind2=" ">
    <subfield code="0">0</subfield>
    <subfield code="1">0</subfield>
    <subfield code="4">0</subfield>
    <subfield code="7">0</subfield>
    <subfield code="a">MCK</subfield>
    <subfield code="b">MCK</subfield>
    <subfield code="c">64A</subfield>
    <subfield code="d">2010-08-27</subfield>
    <subfield code="e">BHARATI MADHYAVARTI SAHAKARI GRAHAK BHANDAR LTD</subfield>
    <subfield code="g">350.00</subfield>
    <subfield code="h">15</subfield>
    <subfield code="l">1</subfield>
    <subfield code="o">658.83</subfield>
    <subfield code="p">MCK-12748</subfield>
    <subfield code="r">2025-05-30 00:00:00</subfield>
    <subfield code="s">2025-05-22</subfield>
    <subfield code="w">2023-05-22</subfield>
    <subfield code="y">BK</subfield>
  </datafield>
</record>
